Síntesis de historia antigua y medieval /
Guardado en:
| Autor Principal: | |
|---|---|
| Formato: | Libro |
| Publicado: |
Buenos Aires :
Kapelusz,
1957
|
| Edición: | 8a. ed. |
| Materias: | |
| Etiquetas: |
Agregar Etiqueta
Sin Etiquetas, Sea el primero en etiquetar este registro!
|
| LEADER | 00685nam a22002295a 4500 | ||
|---|---|---|---|
| 001 | CEM.cems000737 | ||
| 005 | 20060210000000.0 | ||
| 008 | 130507s1957##################000#0#####d | ||
| 003 | CEMS | ||
| 082 | 0 | 4 | |a 930 |
| 100 | 1 | |a Astolfi, José Carlos | |
| 245 | 1 | 0 | |a Síntesis de historia antigua y medieval / |
| 250 | |a 8a. ed. | ||
| 260 | |a Buenos Aires : |b Kapelusz, |c 1957 | ||
| 300 | |a 339 p. | ||
| 500 | |a Para 1er. año del Ciclo Básico | ||
| 653 | |a Arte gotico | ||
| 653 | |a Feudalismo | ||
| 653 | |a Historia | ||
| 653 | |a Historia antigua y medieval | ||
| 859 | |a CEMS |b BIB. CEMS - 11 de abril |h 930 |i As86a8 |p 6146.77 |t Ej.1 | ||
| 859 | |a CEMS |b BIB. CEMS - 11 de abril |h 930 |i As86a8 |p 6147.77 |t Ej.2 | ||
